[Event "Oberliga Nord O 2122"]
[Site "Germany"]
[Date "2022.04.03"]
[Round "8.3"]
[White "Foerster, Jonas"]
[Black "Schoewel, Matthias"]
[Result "0-1"]
[WhiteElo "2287"]
[BlackElo "2218"]
[PlyCount "126"]
[EventDate "2021.10.31"]
[EventType "team-tourn"]
[EventRounds "9"]
[EventCountry "GER"]
[SourceTitle "EXT 2023"]
[Source "ChessBase"]
[SourceDate "2022.10.05"]
[SourceVersion "1"]
[SourceVersionDate "2022.10.05"]
[SourceQuality "1"]
[WhiteTeam "Berlin Empor"]
[BlackTeam "Oberschoeneweide"]
[WhiteTeamCountry "GER"]
[BlackTeamCountry "GER"]

1. Nf3 d5 2. g3 Nc6 3. d4 Bf5 4. Bf4 Qd7 5. c3 f6 6. h4 e6 7. b4 Bd6 8. Nbd2 e5 9. Be3 exd4 10. Nxd4 Nxd4 11. Bxd4 Ne7 12. Bg2 Nc6 13. Nb3 0-0-0 14. Kf1 Rhe8 15. a4 Kb8 16. a5 Ne5 17. Bc5 Bxc5 18. bxc5 Bg4 19. Nd4 Nc6 20. Bf3 Bxf3 21. exf3 a6 22. Kg2 Kc8 23. Qc2 g6 24. h5 f5 25. Qd2 Ne5 26. Qh6 Qe7 27. hxg6 hxg6 28. c6 bxc6 29. Rae1 Qc5 30. f4 Qxc3 31. fxe5 Qxd4 32. Qxg6 Qa4 33. e6 Re7 34. Qxf5 Rde8 35. Rh7 Qb4 36. Rxe7 Rxe7 37. Qe5 d4 38. Qe4 Qd6 39. f4 d3 40. f5 d2 41. Rd1 Kb7 42. Qc4 Re8 43. Rb1+ Kc8 44. Qxa6+ Kd8 45. Qe2 Ke7 46. a6 Rd8 47. Rd1 Kf6 48. Qf3 Qd4 49. Qxc6 Rd5 50. e7+ Kxe7 51. Qe6+ Kf8 52. a7 Rd8 53. f6 Qb4 54. Kh3 Qc5 55. Qg4 Kf7 56. Qg7+ Ke6 57. g4 Rd3+ 58. Kh4 Qf2+ 59. Kg5 Qe3+ 60. Kh4 Qh3+ 61. Kg5 Rd5+ 62. Kg6 Qxg4+ 63. Kh7 Qh5+ 0-1

[Event "GER-ch Blitz"]
[Site "Magdeburg"]
[Date "2020.08.15"]
[Round "18"]
[White "Krause, Benedict"]
[Black "Schoewel, Matthias"]
[Result "1-0"]
[WhiteElo "2425"]
[BlackElo "2218"]
[PlyCount "80"]
[EventDate "2020.08.15"]
[EventType "tourn (blitz)"]
[EventRounds "29"]
[EventCountry "GER"]
[EventCategory "6"]
[SourceTitle "CBM 197 Extra"]
[Source "ChessBase"]
[SourceDate "2020.09.30"]
[SourceVersion "1"]
[SourceVersionDate "2020.09.30"]
[SourceQuality "1"]

1. e4 e5 2. Nf3 Nc6 3. Bc4 Be7 4. d4 d6 5. h3 Nf6 6. Nc3 0-0 7. dxe5 Nxe5 8. Nxe5 dxe5 9. Qe2 c6 10. a4 h6 11. 0-0 Bc5 12. Be3 Qe7 13. a5 Bxe3 14. Qxe3 Be6 15. Be2 Rfd8 16. Rfd1 a6 17. Na4 Qb4 18. Nc5 Rxd1+ 19. Rxd1 Qxb2 20. Nxe6 fxe6 21. Bc4 Re8 22. Qb3 Qxb3 23. cxb3 Nxe4 24. Rd7 Nc5 25. Rc7 Kf8 26. b4 Ne4 27. Bd3 Nd6 28. Rd7 Nf5 29. Rxb7 Rd8 30. Bxa6 Rd1+ 31. Kh2 Rd2 32. Bc4 Nd6 33. Rb8+ Ke7 34. Bf1 Rxf2 35. a6 Ra2 36. Kg3 Nb5 37. Rb7+ Kf6 38. Bxb5 cxb5 39. a7 Ra3+ 40. Kf2 Kf5 1-0

[Event "GER-ch Blitz"]
[Site "Magdeburg"]
[Date "2020.08.15"]
[Round "21"]
[White "Schoewel, Matthias"]
[Black "Bluebaum, Matthias"]
[Result "0-1"]
[WhiteElo "2218"]
[BlackElo "2647"]
[PlyCount "124"]
[EventDate "2020.08.15"]
[EventType "tourn (blitz)"]
[EventRounds "29"]
[EventCountry "GER"]
[EventCategory "6"]
[SourceTitle "CBM 197 Extra"]
[Source "ChessBase"]
[SourceDate "2020.09.30"]
[SourceVersion "1"]
[SourceVersionDate "2020.09.30"]
[SourceQuality "1"]

1. e4 e6 2. Nf3 d5 3. exd5 exd5 4. d4 Nc6 5. Be2 Bd6 6. 0-0 Nge7 7. b3 0-0 8. c4 Ng6 9. Nc3 dxc4 10. bxc4 Bg4 11. d5 Bxf3 12. Bxf3 Nce5 13. Be2 f5 14. Nb5 Bc5 15. Nd4 Qd6 16. Ne6 Rfe8 17. Nxc5 Qxc5 18. Be3 Qf8 19. Rc1 f4 20. Bd4 c5 21. Bxe5 Nxe5 22. Bf3 Qd6 23. Qb3 b6 24. Rfe1 Re7 25. Re4 Rae8 26. Rce1 Qg6 27. Kf1 Qf6 28. Bd1 Nf7 29. f3 Nd6 30. Rxe7 Rxe7 31. Rxe7 Qxe7 32. Qd3 Qe5 33. Bc2 g6 34. Kf2 Kg7 35. g3 Nf5 36. gxf4 Qxf4 37. Qe4 Qxh2+ 38. Ke1 Qg1+ 39. Kd2 Qd4+ 40. Kc1 h5 41. Qe8 Qe3+ 42. Qxe3 Nxe3 43. d6 Kf6 44. Bxg6 h4 45. Be4 Nxc4 46. d7 Ke7 47. f4 Kxd7 48. Kc2 Nd6 49. Bd5 Ke7 50. Kd3 Kf6 51. Ke3 Nb5 52. Kf3 Nc3 53. Bg8 b5 54. Kg4 c4 55. a4 Nxa4 56. Kxh4 Nc5 57. Kg3 c3 58. Bh7 b4 59. Kf2 a5 60. Ke3 a4 61. Kd4 a3 62. Bb1 c2 0-1

[Event "GER-ch Blitz"]
[Site "Magdeburg"]
[Date "2020.08.15"]
[Round "14"]
[White "Schoewel, Matthias"]
[Black "Kopylov, Michael"]
[Result "0-1"]
[WhiteElo "2218"]
[BlackElo "2393"]
[PlyCount "86"]
[EventDate "2020.08.15"]
[EventType "tourn (blitz)"]
[EventRounds "29"]
[EventCountry "GER"]
[EventCategory "6"]
[SourceTitle "CBM 197 Extra"]
[Source "ChessBase"]
[SourceDate "2020.09.30"]
[SourceVersion "1"]
[SourceVersionDate "2020.09.30"]
[SourceQuality "1"]

1. e4 d5 2. exd5 Qxd5 3. Nf3 Bg4 4. Be2 Nc6 5. h3 Bxf3 6. Bxf3 Qe6+ 7. Qe2 Qxe2+ 8. Bxe2 0-0-0 9. 0-0 e5 10. a3 f5 11. d3 Nf6 12. Nc3 Nd4 13. Bd1 g6 14. Ne2 Nc6 15. Bg5 Bg7 16. Re1 h6 17. Bd2 e4 18. Nc1 Ne5 19. Bc3 Rhe8 20. Be2 Nd5 21. Bd2 exd3 22. Nxd3 Nc4 23. Bc1 g5 24. Kf1 Nf6 25. Rb1 Ne4 26. Rd1 f4 27. b3 Nc3 28. Bb2 Nxb2 29. Nxb2 Rxe2 30. Rxd8+ Kxd8 31. Rc1 Rd2 32. Ke1 Rd7 33. Nd3 Ne4 34. Ke2 b6 35. Kf3 Nc5 36. Nb4 Rd2 37. Nc6+ Kd7 38. Nxa7 Bd4 39. Nb5 Rxf2+ 40. Kg4 Rxg2+ 41. Kh5 Be3 42. Rd1+ Kc6 43. a4 f3 0-1

[Event "GER-ch Blitz"]
[Site "Magdeburg"]
[Date "2020.08.15"]
[Round "6"]
[White "Schoewel, Matthias"]
[Black "Meier, Georg"]
[Result "1/2-1/2"]
[WhiteElo "2218"]
[BlackElo "2621"]
[PlyCount "143"]
[EventDate "2020.08.15"]
[EventType "tourn (blitz)"]
[EventRounds "29"]
[EventCountry "GER"]
[EventCategory "6"]
[SourceTitle "CBM 197 Extra"]
[Source "ChessBase"]
[SourceDate "2020.09.30"]
[SourceVersion "1"]
[SourceVersionDate "2020.09.30"]
[SourceQuality "1"]

1. e4 e6 2. d4 d5 3. exd5 exd5 4. Nf3 Bf5 5. Bd3 Ne7 6. 0-0 Nbc6 7. Re1 Qd7 8. Ne5 Nxe5 9. dxe5 0-0-0 10. Nc3 Nc6 11. Bg5 Be7 12. Bxe7 Nxe7 13. Qf3 Bxd3 14. Qxd3 Qf5 15. Qd4 Nc6 16. Qc5 d4 17. Nd5 Rhe8 18. b4 Qd7 19. Nf4 Qe7 20. Qxe7 Rxe7 21. Nd3 Rd5 22. f4 a5 23. Rab1 axb4 24. Nxb4 Nxb4 25. Rxb4 b6 26. Rd1 Red7 27. Kf2 d3 28. cxd3 Rxd3 29. Rxd3 Rxd3 30. Ke2 Ra3 31. Rb2 h5 32. Rd2 g6 33. Kf2 b5 34. g3 b4 35. Kg2 c5 36. Rc2 Rc3 37. Rd2 Ra3 38. Kh3 c4 39. Rd4 Rc3 40. Kh4 Kc7 41. Kg5 Kc6 42. Kf6 Kc5 43. Rd8 Rc2 44. Kxf7 Rxa2 45. e6 Re2 46. e7 b3 47. e8Q Rxe8 48. Rxe8 b2 49. Rb8 c3 50. Kxg6 c2 51. Rxb2 c1Q 52. Re2 h4 53. Re5+ Kd6 54. Kg5 h3 55. Kg4 Qf1 56. Rh5 Ke6 57. Rh6+ Kf7 58. Rxh3 Kg6 59. Rh8 Kg7 60. Rd8 Qg2 61. Rd6 Qxh2 62. Re6 Kf7 63. Re5 Qd2 64. Rg5 Qd3 65. Kh4 Kf6 66. Kg4 Qe2+ 67. Kh4 Qd1 68. Kh3 Qd7+ 69. Kg2 Qc6+ 70. Kh3 Qf3 71. Kh2 Kf7 72. Kh3 1/2-1/2

[Event "GER Cup Net Final-A U2400"]
[Site "Playchess.com INT"]
[Date "2020.06.06"]
[Round "10"]
[White "Joeres, Stefan"]
[Black "Schoewel, Matthias"]
[Result "1-0"]
[WhiteElo "2097"]
[BlackElo "2211"]
[PlyCount "65"]
[EventDate "2020.06.06"]
[EventType "swiss (blitz)"]
[EventRounds "13"]
[EventCountry "GER"]
[SourceTitle "CBM 197 Extra"]
[Source "ChessBase"]
[SourceDate "2020.09.30"]
[SourceVersion "1"]
[SourceVersionDate "2020.09.30"]
[SourceQuality "1"]

1. e4 e5 2. Nf3 Nc6 3. d4 exd4 4. Bc4 Be7 5. Nxd4 d6 6. 0-0 Nf6 7. Nc3 0-0 8. f3 a6 9. a4 Nxd4 10. Qxd4 Be6 11. Be3 Qc8 12. Rad1 Nd7 13. Nd5 Bd8 14. b4 Ne5 15. Bb3 Nc6 16. Qd2 a5 17. b5 Ne7 18. c4 f5 19. Bg5 Bxd5 20. Bxe7 Bxe7 21. Qxd5+ Kh8 22. Bc2 f4 23. e5 dxe5 24. Qxe5 Bd6 25. Qh5 h6 26. Qg6 Kg8 27. Qh7+ Kf7 28. Bg6+ Kf6 29. Bc2 Kf7 30. c5 Bxc5+ 31. Kh1 Qe6 32. Rfe1 Qe3 33. Rxe3 1-0

[Event "GER Cup Net Final-A U2400"]
[Site "Playchess.com INT"]
[Date "2020.06.06"]
[Round "1"]
[White "Kraemer, Enrico"]
[Black "Schoewel, Matthias"]
[Result "1-0"]
[WhiteElo "2052"]
[BlackElo "2211"]
[PlyCount "73"]
[EventDate "2020.06.06"]
[EventType "swiss (blitz)"]
[EventRounds "13"]
[EventCountry "GER"]
[SourceTitle "CBM 197 Extra"]
[Source "ChessBase"]
[SourceDate "2020.09.30"]
[SourceVersion "1"]
[SourceVersionDate "2020.09.30"]
[SourceQuality "1"]

1. d4 d5 2. Nf3 Nf6 3. g3 e6 4. Bg2 Ne4 5. 0-0 Be7 6. c4 0-0 7. Qc2 c6 8. b3 Nd7 9. Nbd2 f5 10. Bb2 Ndf6 11. Ne5 Nd7 12. Nd3 Bd6 13. Nf3 Qe8 14. e3 Qh5 15. c5 Bc7 16. b4 g5 17. a4 Ndf6 18. Nfe5 Bd7 19. f3 Be8 20. fxe4 dxe4 21. Nf2 Nd5 22. Rae1 Bxe5 23. dxe5 Nxb4 24. Qb3 Nd5 25. Qxb7 Bf7 26. Qxc6 Rac8 27. Qd7 Rxc5 28. Bd4 Rc7 29. Qb5 Rfc8 30. a5 Be8 31. Qb3 a6 32. Qb2 Rc2 33. Qb7 Bb5 34. g4 Qg6 35. gxf5 Qxf5 36. Bxe4 Qf8 37. Qxh7# 1-0

[Event "GER Cup Net Final-A U2400"]
[Site "Playchess.com INT"]
[Date "2020.06.06"]
[Round "12"]
[White "Schoewel, Matthias"]
[Black "Brunke, Christian"]
[Result "1-0"]
[WhiteElo "2211"]
[BlackElo "2104"]
[PlyCount "137"]
[EventDate "2020.06.06"]
[EventType "swiss (blitz)"]
[EventRounds "13"]
[EventCountry "GER"]
[SourceTitle "CBM 197 Extra"]
[Source "ChessBase"]
[SourceDate "2020.09.30"]
[SourceVersion "1"]
[SourceVersionDate "2020.09.30"]
[SourceQuality "1"]

1. e4 e5 2. Nf3 d5 3. Nxe5 Bd6 4. d4 dxe4 5. Bc4 Bxe5 6. dxe5 Qxd1+ 7. Kxd1 Nc6 8. Bf4 Nge7 9. Nc3 Ng6 10. Bg3 Ngxe5 11. Bb5 Bg4+ 12. Kc1 0-0-0 13. Nxe4 Rd4 14. f3 Nxf3 15. gxf3 Bxf3 16. Rf1 Bxe4 17. Rxf7 Rd7 18. Rxd7 Kxd7 19. Kd2 a6 20. Be2 Nd4 21. Bg4+ Bf5 22. Bd1 Rd8 23. Bh4 Rf8 24. c3 Ne6 25. Bb3 g5 26. Bg3 h5 27. Re1 Re8 28. Rf1 Ng7 29. Bf2 Bg4 30. Bc4 b5 31. Bd3 Ne6 32. Be3 Re7 33. b4 c6 34. Rf6 Rg7 35. a4 bxa4 36. Bxa6 a3 37. Kc2 Nc7 38. Bc4 Nd5 39. Bxd5 cxd5 40. Kb3 Be2 41. Kxa3 Bc4 42. Ka4 g4 43. b5 h4 44. Kb4 g3 45. hxg3 hxg3 46. Kc5 g2 47. Bg1 Kc7 48. b6+ Kb7 49. Kd4 Re7 50. Rg6 Re2 51. Kc5 Re7 52. Rxg2 Rh7 53. Rg6 Rf7 54. Rc6 Rd7 55. Bh2 Rf7 56. Bc7 Rd7 57. Rh6 Be2 58. Rh2 Bf3 59. Ra2 d4 60. cxd4 Kc8 61. Rf2 Bh1 62. Rf8+ Kb7 63. Rb8+ Ka6 64. Rh8 Kb7 65. Rxh1 Rf7 66. Rh8 Ka6 67. d5 Kb7 68. Kb5 Rf5 69. Rb8# 1-0

[Event "GER Cup Net Final-A U2400"]
[Site "Playchess.com INT"]
[Date "2020.06.06"]
[Round "9"]
[White "Schoewel, Matthias"]
[Black "Gremmel, Jonas Simon"]
[Result "1-0"]
[WhiteElo "2211"]
[BlackElo "1985"]
[PlyCount "143"]
[EventDate "2020.06.06"]
[EventType "swiss (blitz)"]
[EventRounds "13"]
[EventCountry "GER"]
[SourceTitle "CBM 197 Extra"]
[Source "ChessBase"]
[SourceDate "2020.09.30"]
[SourceVersion "1"]
[SourceVersionDate "2020.09.30"]
[SourceQuality "1"]

1. e4 g6 2. d3 Bg7 3. Nc3 d6 4. Be3 a6 5. Qd2 b5 6. Be2 Bb7 7. Nf3 Nd7 8. 0-0 c5 9. Nd5 e6 10. Nc3 Ne7 11. Bh6 0-0 12. Bxg7 Kxg7 13. Rfe1 b4 14. Nd1 e5 15. c3 a5 16. Bf1 Ba6 17. d4 Bxf1 18. Rxf1 Qc7 19. Ne3 Rad8 20. Rfe1 Nf6 21. Nf1 Rfe8 22. Rad1 Nc6 23. d5 Ne7 24. c4 Nh5 25. g3 Rf8 26. Ng5 h6 27. Nh3 f5 28. f3 Nf6 29. Qg2 Qd7 30. Ne3 Rh8 31. exf5 Nxf5 32. Nxf5+ gxf5 33. Nf2 Rdg8 34. Qh3 Kf7 35. Kh1 h5 36. Rg1 Rg7 37. Rg2 Rgh7 38. Rdg1 Rh6 39. Qh4 Rg6 40. Nh3 Rhg8 41. Re2 a4 42. Rf1 Qd8 43. f4 Rg4 44. Ng5+ R8xg5 45. fxg5 Rxh4 46. gxh4 Ng4 47. Rxf5+ Kg6 48. Rf1 e4 49. Rxe4 Ne5 50. Rf6+ Kg7 51. Ref4 Qd7 52. Re6 Nxc4 53. Rxc4 Qf7 54. Kg2 Qf5 55. Rce4 Qxd5 56. Kg3 Qd3+ 57. Re3 Qd1 58. Re7+ Kf8 59. Re8+ Kf7 60. R3e7+ Kg6 61. Re6+ Kf7 62. R8e7+ Kf8 63. Re8+ Kf7 64. g6+ Kg7 65. R8e7+ Kg8 66. Re4 Qg1+ 67. Kf4 Qxh2+ 68. Kg5 Qg2+ 69. Kh6 Qd2+ 70. Re3 Qxe3+ 71. Rxe3 Kf8 72. g7+ 1-0

[Event "GER Cup Net Final-A U2400"]
[Site "Playchess.com INT"]
[Date "2020.06.06"]
[Round "6"]
[White "Schoewel, Matthias"]
[Black "Kopylov, Daniel"]
[Result "0-1"]
[WhiteElo "2211"]
[BlackElo "2078"]
[PlyCount "66"]
[EventDate "2020.06.06"]
[EventType "swiss (blitz)"]
[EventRounds "13"]
[EventCountry "GER"]
[SourceTitle "CBM 197 Extra"]
[Source "ChessBase"]
[SourceDate "2020.09.30"]
[SourceVersion "1"]
[SourceVersionDate "2020.09.30"]
[SourceQuality "1"]

1. e4 c5 2. Nf3 d6 3. Nc3 Nf6 4. d3 Nc6 5. Be2 g6 6. Bg5 Bg7 7. Qd2 Nd4 8. Bd1 h6 9. Be3 Ng4 10. Bf4 g5 11. Bg3 Nxf3+ 12. gxf3 Ne5 13. f4 Ng6 14. fxg5 hxg5 15. Qxg5 Bh6 16. Qd5 Be6 17. Qxb7 Rb8 18. Qxa7 Rxb2 19. a4 Bg7 20. Nb5 0-0 21. Rc1 Bh6 22. Ra1 Bh3 23. Qc7 Qa8 24. Qa7 Qxa7 25. Nxa7 Ra8 26. Nc6 Rb6 27. Bf3 Rxc6 28. e5 Rca6 29. Bxa8 Rxa8 30. exd6 exd6 31. Bxd6 Re8+ 32. Kd1 Bg4+ 33. f3 Bxf3# 0-1

[Event "GER Cup Net V4 U2400"]
[Site "Playchess.com INT"]
[Date "2020.05.31"]
[Round "5"]
[White "Frohnhaeuser, Simon"]
[Black "Schoewel, Matthias"]
[Result "1/2-1/2"]
[WhiteElo "1952"]
[BlackElo "2334"]
[PlyCount "132"]
[EventDate "2020.05.31"]
[EventType "swiss (blitz)"]
[EventRounds "9"]
[EventCountry "GER"]
[SourceTitle "EXT 2021"]
[Source "ChessBase"]
[SourceDate "2020.10.23"]
[SourceVersion "1"]
[SourceVersionDate "2020.10.23"]
[SourceQuality "1"]

1. e4 e5 2. Nf3 Nc6 3. Bc4 Be7 4. d4 d6 5. Nc3 Nf6 6. dxe5 Nxe5 7. Nxe5 dxe5 8. Qxd8+ Bxd8 9. 0-0 0-0 10. f3 c6 11. Be3 b5 12. Be2 Bb6 13. Kf2 Be6 14. Rfd1 Nd7 15. Rd6 Rac8 16. Rad1 Rc7 17. a3 Bxe3+ 18. Kxe3 Nb6 19. b3 a5 20. Nb1 g6 21. Nd2 Re8 22. Nf1 f5 23. Kf2 fxe4 24. fxe4 Kg7 25. g3 Bh3 26. Ne3 Nc8 27. R6d2 Rf8+ 28. Kg1 Rcf7 29. Rd8 Rxd8 30. Rxd8 h5 31. g4 Nb6 32. gxh5 gxh5 33. Bxh5 Rf4 34. Rb8 Nd7 35. Rb7 Rxe4 36. Kf2 Kh6 37. Bf3 Rf4 38. Kg3 Be6 39. Bxc6 Nf6 40. Rxb5 Nh5+ 41. Kg2 Rf6 42. Rxe5 Nf4+ 43. Kh1 Bxb3 44. cxb3 Rxc6 45. h4 Rc3 46. Ng4+ Kg7 47. Rxa5 Rxb3 48. h5 Rg3 49. Ne5 Nxh5 50. Ra7+ Kh6 51. Nf7+ Kg6 52. Ne5+ Kf5 53. Ra5 Ke4 54. Kh2 Rb3 55. Nc6 Nf4 56. Ra4+ Ke3 57. Ne5 Rb2+ 58. Kg3 Rg2+ 59. Kh4 Ne6 60. Nc4+ Kf3 61. Ne5+ Ke3 62. Nc4+ Kd3 63. Ne5+ Kc3 64. Rc4+ Kb3 65. Rg4 Rxg4+ 66. Kxg4 Kxa3 1/2-1/2

[Event "GER Cup Net V4 U2400"]
[Site "Playchess.com INT"]
[Date "2020.05.31"]
[Round "1"]
[White "Schoewel, Matthias"]
[Black "Volkmer, Andreas"]
[Result "1-0"]
[WhiteElo "2334"]
[BlackElo "2051"]
[PlyCount "63"]
[EventDate "2020.05.31"]
[EventType "swiss (blitz)"]
[EventRounds "9"]
[EventCountry "GER"]
[SourceTitle "EXT 2021"]
[Source "ChessBase"]
[SourceDate "2020.10.23"]
[SourceVersion "1"]
[SourceVersionDate "2020.10.23"]
[SourceQuality "1"]

1. e4 g6 2. Nc3 Bg7 3. d3 d6 4. Be3 c5 5. Qd2 Nc6 6. Be2 Nd4 7. Bd1 Bd7 8. Nf3 e5 9. 0-0 Nf6 10. Bh6 0-0 11. Nxd4 cxd4 12. Ne2 d5 13. Bxg7 Kxg7 14. Ng3 dxe4 15. dxe4 Bc6 16. Qg5 Kh8 17. Qxe5 Re8 18. Qf4 Bxe4 19. Nxe4 Rxe4 20. Qd2 Re7 21. Bf3 Qd7 22. Rfe1 Rae8 23. Rxe7 Rxe7 24. Rd1 Kg7 25. h3 Qc7 26. Qd3 Qc5 27. Rd2 Rc7 28. g3 b6 29. Kg2 Qe5 30. a3 Qc5 31. Re2 Qe5 32. Rxe5 1-0

[Event "Berlin Cup KO"]
[Site "Berlin"]
[Date "2019.09.05"]
[Round "2.3"]
[White "Windmueller, Martin"]
[Black "Schoewel, Matthias"]
[Result "0-1"]
[WhiteElo "1833"]
[BlackElo "2185"]
[PlyCount "76"]
[EventDate "2019.08.29"]
[EventType "k.o."]
[EventRounds "4"]
[EventCountry "GER"]
[SourceTitle "EXT 2021"]
[Source "ChessBase"]
[SourceDate "2020.10.23"]
[SourceVersion "1"]
[SourceVersionDate "2020.10.23"]
[SourceQuality "1"]

1. e4 e5 2. Nf3 Nc6 3. Bc4 Be7 4. Nc3 d6 5. h3 Nf6 6. d4 0-0 7. 0-0 Nxe4 8. Nxe4 d5 9. Bxd5 Qxd5 10. Nc3 Qd6 11. d5 Nb8 12. Qe2 f6 13. Nb5 Qd8 14. Qc4 Bd6 15. Nxd6 cxd6 16. Qb4 Na6 17. Qh4 Bf5 18. Ne1 Qa5 19. c4 Rac8 20. Qh5 Bg6 21. Qe2 f5 22. Bd2 Qc7 23. Rc1 f4 24. f3 Qb6+ 25. Kh1 Qxb2 26. Nd3 Bxd3 27. Qxd3 Nc5 28. Qc2 Qxc2 29. Rxc2 Rf7 30. Rb1 b6 31. Kg1 Rfc7 32. Bb4 Rd7 33. Kf1 Kf7 34. Ke2 Kf6 35. Bxc5 Rxc5 36. Kd3 Rdc7 37. Rb4 Kf5 38. Rc1 Rxd5+ 0-1

[Event "Oberliga Nord O 1819"]
[Site "Germany"]
[Date "2019.03.24"]
[Round "8.2"]
[White "Schoewel, Matthias"]
[Black "Foerster, Jonas"]
[Result "1-0"]
[WhiteElo "2233"]
[BlackElo "2273"]
[PlyCount "119"]
[EventDate "2018.10.21"]
[EventType "team-tourn"]
[EventRounds "9"]
[EventCountry "GER"]
[SourceTitle "EXT 2020"]
[Source "ChessBase"]
[SourceDate "2019.10.17"]
[SourceVersion "1"]
[SourceVersionDate "2019.10.17"]
[SourceQuality "1"]
[WhiteTeam "Oberschoeneweide"]
[BlackTeam "Berlin Empor"]
[WhiteTeamCountry "GER"]
[BlackTeamCountry "GER"]

1. e4 c5 2. Nf3 d6 3. Nc3 Nc6 4. d4 cxd4 5. Nxd4 Nf6 6. Be2 e5 7. Nf3 h6 8. 0-0 Be7 9. Be3 0-0 10. h3 Be6 11. Qd2 a6 12. Nh2 d5 13. exd5 Nxd5 14. Nxd5 Qxd5 15. Qxd5 Bxd5 16. Rfd1 Be6 17. a3 Rac8 18. Rac1 Rfd8 19. Bb6 Rxd1+ 20. Rxd1 f5 21. Nf1 Nb8 22. Ne3 Nd7 23. Bc4 Bxc4 24. Rxd7 Bg5 25. Rxb7 Bxe3 26. fxe3 Rc6 27. Bc7 Bd5 28. Bxe5 Rxc2 29. Rxg7+ Kf8 30. Rg6 Kf7 31. Rxa6 Rxg2+ 32. Kf1 Bc4+ 33. Kxg2 Bxa6 34. Kg3 Bc4 35. Kf4 Ke6 36. b4 Bb5 37. Bg7 h5 38. h4 Ba4 39. Kg5 Bd1 40. b5 Kd5 41. Kxf5 Kc5 42. e4 Bc2 43. Ke5 Kxb5 44. Kd5 Kb6 45. e5 Kc7 46. e6 Bb3+ 47. Ke5 Kd8 48. Kd6 Bc4 49. Bf6+ Ke8 50. Bg5 Bb3 51. e7 Bc2 52. Kc5 Kd7 53. Kb6 Ba4 54. Ka5 Bc6 55. Kb4 Kd6 56. a4 Bd7 57. a5 Kc6 58. Kc4 Be8 59. Kd4 Kd6 60. a6 1-0

[Event "Oberliga Nord O 1819"]
[Site "Germany"]
[Date "2019.01.20"]
[Round "5.2"]
[White "Schoewel, Matthias"]
[Black "Leisner, Hannes"]
[Result "1/2-1/2"]
[WhiteElo "2233"]
[BlackElo "2296"]
[PlyCount "148"]
[EventDate "2018.10.21"]
[EventType "team-tourn"]
[EventRounds "9"]
[EventCountry "GER"]
[SourceTitle "EXT 2020"]
[Source "ChessBase"]
[SourceDate "2019.10.17"]
[SourceVersion "1"]
[SourceVersionDate "2019.10.17"]
[SourceQuality "1"]
[WhiteTeam "Oberschoeneweide"]
[BlackTeam "Greifswald"]
[WhiteTeamCountry "GER"]
[BlackTeamCountry "GER"]

1. e4 e5 2. Nf3 d6 3. d4 exd4 4. Nxd4 Nf6 5. Nc3 Be7 6. Bc4 0-0 7. 0-0 Re8 8. Re1 Bf8 9. Bg5 c6 10. a4 Nbd7 11. a5 Qc7 12. Qd2 Rb8 13. Bb3 b5 14. axb6 axb6 15. Rad1 b5 16. Qf4 b4 17. Nb1 c5 18. Nf5 c4 19. Ba4 Re5 20. Nd2 Ra5 21. Bxd7 Nxd7 22. Be7 Ne5 23. Bxd6 Bxd6 24. Nxd6 Be6 25. Nf5 Rd8 26. Nf1 Bxf5 27. exf5 f6 28. b3 Rad5 29. Rxd5 Rxd5 30. Ne3 Rc5 31. bxc4 Nxc4 32. Qxc7 Rxc7 33. Nd5 Rb7 34. g4 Ne5 35. Re4 b3 36. cxb3 Rxb3 37. Kg2 Rb2 38. Rd4 h5 39. h3 hxg4 40. hxg4 Kh7 41. Ne3 Ra2 42. Kg3 Rb2 43. Rd8 Rb3 44. Rc8 Ra3 45. Rc7 Kh6 46. Kg2 Rb3 47. Ra7 Rc3 48. Re7 Ra3 49. Kg3 Nc4 50. Re4 Nxe3 51. fxe3 Ra1 52. Re8 Kh7 53. Rb8 Rg1+ 54. Kf3 Rf1+ 55. Kg2 Ra1 56. g5 fxg5 57. Rb6 Kg8 58. Rg6 Kf7 59. Kf2 Ra5 60. e4 Ra4 61. Kf3 Ra3+ 62. Kg4 Re3 63. Re6 g6 64. Kxg5 gxf5 65. Kxf5 Ra3 66. Rf6+ Ke7 67. Rh6 Ra1 68. Rh7+ Ke8 69. Rb7 Ra5+ 70. e5 Ra6 71. Rh7 Rb6 72. Ra7 Rc6 73. Ke4 Rb6 74. Kd5 Rh6 1/2-1/2

[Event "Oberliga Nord O 1718"]
[Site "Germany"]
[Date "2017.12.10"]
[Round "4.1"]
[White "Schoewel, Matthias"]
[Black "Popovics, Adam"]
[Result "1/2-1/2"]
[WhiteElo "2241"]
[BlackElo "2374"]
[PlyCount "47"]
[EventDate "2017.10.08"]
[EventType "team-tourn"]
[EventRounds "9"]
[EventCountry "GER"]
[SourceTitle "EXT 2019"]
[Source "ChessBase"]
[SourceDate "2018.10.10"]
[SourceVersion "1"]
[SourceVersionDate "2018.10.10"]
[SourceQuality "1"]
[WhiteTeam "Berlin Oberschoeneweide"]
[BlackTeam "Neuruppin"]
[WhiteTeamCountry "GER"]
[BlackTeamCountry "GER"]

1. e4 g6 2. Nf3 Bg7 3. Be2 c5 4. 0-0 Nc6 5. Nc3 d6 6. Re1 e5 7. Nd5 Nge7 8. Nxe7 Nxe7 9. c3 Nc6 10. d3 0-0 11. Be3 Re8 12. Qc2 b6 13. Rad1 Bb7 14. c4 f5 15. h3 Qf6 16. Bd2 Rf8 17. Rf1 Rad8 18. a3 Nd4 19. Nxd4 exd4 20. Bf3 Qh4 21. Rde1 Bh6 22. Bxh6 Qxh6 23. Qd1 fxe4 24. Bxe4 1/2-1/2

[Event "Oberliga Nord O 1718"]
[Site "Germany"]
[Date "2017.11.12"]
[Round "3.2"]
[White "Moeller, Hendrik"]
[Black "Schoewel, Matthias"]
[Result "0-1"]
[WhiteElo "2279"]
[BlackElo "2241"]
[PlyCount "98"]
[EventDate "2017.10.08"]
[EventType "team-tourn"]
[EventRounds "9"]
[EventCountry "GER"]
[SourceTitle "EXT 2019"]
[Source "ChessBase"]
[SourceDate "2018.10.10"]
[SourceVersion "1"]
[SourceVersionDate "2018.10.10"]
[SourceQuality "1"]
[WhiteTeam "Berlin Weisse Dame"]
[BlackTeam "Berlin Oberschoeneweide"]
[WhiteTeamCountry "GER"]
[BlackTeamCountry "GER"]

1. d4 d5 2. c4 e6 3. Nc3 Nf6 4. cxd5 exd5 5. Bg5 Be7 6. e3 c6 7. Bd3 Ne4 8. Bxe7 Qxe7 9. Qc2 Nxc3 10. Qxc3 0-0 11. Ne2 Nd7 12. 0-0 Nf6 13. Qc2 Bd7 14. Rac1 Rac8 15. Qa4 Ra8 16. Qb3 b6 17. Ng3 Rfe8 18. Rfe1 g6 19. Rc3 Qd6 20. Rec1 Rac8 21. Ba6 Rc7 22. Qa3 Qxa3 23. Rxa3 Kf8 24. f3 Re6 25. Kf2 Ke7 26. b4 Kd6 27. Rac3 Bc8 28. Bd3 Bb7 29. h3 Rce7 30. e4 dxe4 31. fxe4 Kd7 32. b5 c5 33. d5 Re5 34. Ra3 h5 35. Rxa7 Kd6 36. Rc4 h4 37. Ne2 Bxd5 38. Rca4 Bxe4 39. Rxe7 Rxe7 40. Bc4 Bb7 41. Bd3 Ne4+ 42. Kg1 g5 43. Ra7 Kc7 44. Ra3 Nd6 45. Kf2 Re5 46. Rc3 f5 47. a4 f4 48. Rc1 Re3 49. Rc3 Be4 0-1

[Event "Oberliga Nord O 1718"]
[Site "Germany"]
[Date "2017.10.23"]
[Round "2.2"]
[White "Schoewel, Matthias"]
[Black "Foerster, Jonas"]
[Result "0-1"]
[WhiteElo "2241"]
[BlackElo "2274"]
[PlyCount "68"]
[EventDate "2017.10.08"]
[EventType "team-tourn"]
[EventRounds "9"]
[EventCountry "GER"]
[SourceTitle "EXT 2019"]
[Source "ChessBase"]
[SourceDate "2018.10.10"]
[SourceVersion "1"]
[SourceVersionDate "2018.10.10"]
[SourceQuality "1"]
[WhiteTeam "Berlin Oberschoeneweide"]
[BlackTeam "Berlin Empor"]
[WhiteTeamCountry "GER"]
[BlackTeamCountry "GER"]

1. e4 e6 2. d4 d5 3. exd5 exd5 4. Nf3 Bd6 5. Bd3 Bg4 6. 0-0 Nc6 7. c3 Nge7 8. Re1 Qd7 9. Nbd2 0-0-0 10. b4 Ng6 11. b5 Nce7 12. Qa4 Kb8 13. Ne5 Bxe5 14. dxe5 d4 15. c4 Nf4 16. Be4 Ne2+ 17. Kh1 Nc3 18. Qb4 Ng6 19. Nb3 Nxe4 20. Rxe4 Qf5 21. Qe1 d3 22. f3 Bxf3 23. gxf3 Qxf3+ 24. Kg1 f5 25. Nd2 Qh5 26. Re3 f4 27. Re4 Rhf8 28. Bb2 f3 29. Qg3 f2+ 30. Kf1 Rf4 31. Re3 Rg4 32. Qh3 Qg5 33. Ne4 Rxe4 34. Rg3 Qd2 0-1